Caracterización de la fertilidad de los suelos de la Región de Magallanes
Guardat en:
| Autor principal: | |
|---|---|
| Format: | Llibre |
| Idioma: | espanyol |
| Publicat: |
Punta Arenas
Universidad de Magallanes
1994
|
| Matèries: | |
| Etiquetes: |
Afegir etiqueta
Sense etiquetes, Sigues el primer a etiquetar aquest registre!
|
MARC
| LEADER | 00000nam a2200000 a 4500 | ||
|---|---|---|---|
| 001 | UCR4554 | ||
| 003 | CL-VaPUC | ||
| 008 | 980313e19940000CL |||||||||||||||||spa|d | ||
| 082 | 0 | 4 | |a 631.4 |b SAE |2 21 |
| 100 | 0 | |a Saéz Molina, Consuelo |e author |9 404892 | |
| 245 | 1 | 0 | |a Caracterización de la fertilidad de los suelos de la Región de Magallanes |
| 300 | |a 119 h | ||
| 942 | |c BK | ||
| 945 | |d 19980313 00:00:00 |a rleighto | ||
| 260 | |a Punta Arenas |b Universidad de Magallanes |c 1994 | ||
| 650 | 0 | |a Fertilidad del agua |9 264571 | |
| 650 | 0 | |a Geología |9 260984 | |
| 650 | 0 | |a Geomorfología |9 261377 | |
| 650 | 0 | |a Mineralogía |9 267055 | |
| 650 | 0 | |a Análisis químico |9 344456 | |
| 650 | 0 | |a Acidez del suelo |9 392639 | |
| 650 | 7 | |a SALINIDAD DEL SUELO |2 CL-VaPUC |9 392571 | |
| 650 | 7 | |a CLASIFICACION DE SUELOS |2 CL-VaPUC |9 404894 | |
| 583 | |a last modification |c 19980313 00:00:00 |k Rodrigo Vera | ||
| 999 | |c 267483 |d 267481 | ||